Statistics for Largest Territories (Area)

Click here to take the quiz!

General Stats

  • This quiz has been taken 27 times
  • The average score is 13 of 30

Answer Stats

CountryStatusSizeTerritory% Correct
DenmarkConstituent Country2,166,086 km2Greenland
100%
United StatesUnincorporated Territory9,104 km2Puerto Rico
62%
DenmarkConstituent Country1,399 km2Faroe Islands
58%
United StatesUnincorporated Territory540 km2Guam
58%
NorwayUnincorporated Area61,022 km2Svalbard
58%
FranceOverseas Collectivity, etc4,167 km2French Polynesia
54%
United KingdomOverseas Territory12,173 km2Falkland Islands
50%
FranceOverseas Collectivity, etc83,846 km2French Guiana
50%
ChinaSpecial Admins. Region2,755 km2Hong Kong
50%
FranceOverseas Collectivity, etc1,128 km2Martinique
50%
France'Sui Generis' Collectivity18,576 km2New Caledonia
50%
NetherlandsConstituent Country444 km2Curaçao
46%
United KingdomOverseas Territory1,709,400 km2British Antarctic Territory
42%
FranceOverseas Collectivity, etc1,628 km2Guadeloupe
42%
United StatesUnincorporated Territory464 km2Northern Mariana Islands
42%
FinlandAutonomous Region1,580 km2Åland
38%
AustraliaExternal Territory5,896,500 km2Australian Antarctic Territory
38%
FranceOverseas Collectivity, etc374 km2Mayotte
38%
FranceOverseas Region, etc2,511 km2Réunion
38%
ChileTerritory1,250,258 km2Chilean Antarctic Territory
35%
FranceOverseas Territory439,666 km2French Southern and Antarctic Lands
35%
United KingdomCrown Dependency572 km2Isle of Man
35%
United KingdomOverseas Territory394 km2Saint Helena, Ascension and Tristan da Cunha
35%
ArgentinaDepartment1,461,597 km2Argentine Antarctica
31%
United KingdomOverseas Territory948 km2Turks and Caicos Islands
31%
NorwayUnincorporated Territory377 km2Jan Mayen
27%
New ZealandDependency450,000 km2Ross Dependency
27%
United KingdomOverseas Territory3,903 km2South Georgia and the South Sandwich Islands
27%
AustraliaExternal Territory368 km2Heard Island and McDonald Islands
19%
NorwayDependent Territory2,700,000 km2Queen Maud Land
19%

Score Distribution

Percentile by Number Answered

Percent of People with Each Score

Your Score History

You have not taken this quiz